000 00650nam a2200241Ia 4500
003 OSt
005 20220924145741.0
006 a|||||r|||| 00| 0
007 ta
008 220923b |||||||| |||| 00| 0 tel d
020 _c27.00
024 _a330067
037 _cTextual
040 _aARTS
_cARTS
_btel
041 _2tel
_atel
082 _a015,1A2:g(R41), 35L7
100 _aSubbayya Venkata Au.
_9220418
245 0 _aMahabharatamu manava swabhavamu chitrana
260 _c1977
650 _aSANSKRIT LITERATURE
942 _h015,1A2:g(R41), 35L7
_cTEXL
_2CC
999 _c461041
_d461041